Statistics for Countries, US States, Capitals, Elements, 100 Most Common Words: A + B + xy = C

Click here to take the quiz!

General Stats

  • This quiz has been taken 69 times
  • The average score is 31 of 45

Answer Stats

ANSWER% Correct
Cuba
98%
The
98%
And
96%
Most
96%
New
96%
Our
96%
Tin
96%
Tin
96%
Tin
96%
Come
94%
Know
94%
One
94%
Sofia
94%
Even
92%
Out
92%
Riga
90%
Utah
85%
Argon
77%
b
67%
u
67%
Vientiane
67%
New Mexico
60%
p
60%
s
60%
Baton Rouge
58%
i
58%
r
58%
Bucharest
56%
e
56%
h
56%
i
56%
Kingstown
56%
s
56%
g
52%
Honduras
52%
s
52%
a
48%
r
48%
r
48%
s
48%
South Africa
48%
Strontium
48%
c
38%
Singapore
38%
x
38%

Score Distribution

Percentile by Number Answered

Percent of People with Each Score

Your Score History

You have not taken this quiz